| 000 | 00000nam##2200000za#4500 |
| 001 | 9.643216 |
| 003 | CaOODSP |
| 005 | 20241127144339 |
| 007 | cr ||||||||||| |
| 008 | 150407|1995||||xxc|||||o f|0| 0 fre|d |
| 040 | |aCaOODSP|bfre |
| 043 | |an-cn--- |
| 086 | 1 |aEn39-2/1995F-PDF |
| 110 | 2 |aCentre canadien des eaux intérieures. |
| 245 | 10|aCadre pour la surveillance des changements de la biodiversité (espèces et groupes d'espèces) dans le Réseau d'évaluation et de surveillance écologiques au Canada / |h[ressource électronique]|cPatricia Roberts-Pichette. |
| 260 | |aBurlington - Ontario : |bEnvironnement Canada. |cJuillet 1995. |
| 590 | |a14-21-Supp|b2014-12-11 |
| 691 | 07|aDiversité biologique|2gcpds |
| 691 | 07|aGestion de l'environnement|2gcpds |
| 775 | 08|tFramework for monitoring biodiversity change (species and species groups) within the Ecological Monitoring and Assessment Network in Canada |w(CaOODSP)9.699176 |
| 856 | 40|ahttp://publications.gc.ca|qPDF|s37 Ko|uhttps://publications.gc.ca/collections/collection_2014/ec/En39-2-1995-fra.pdf |